000
003090000a22001450004500
003
MACL
040
_a
MACL
090
_c
33814
_d
33812
100
_a
Petroutsos, Evengelos
245
_a
Asp 3
260
_b
BPB Computer Course
_c
2000
350
_a
90
650
_a
Computer science
942
_c
BOOK
_k
004.65/Pet
999
_c
33459
_d
33459